| 000 | 00804nam a22001817a 4500 | ||
|---|---|---|---|
| 003 | OSt | ||
| 005 | 20260216151132.0 | ||
| 008 | 260216b |||||||| |||| 00| 0 eng d | ||
| 040 | _c0 | ||
| 082 | _aDPer 796.07 J826 January-October 2023 v. 42 n. 1-4 | ||
| 100 | _eauthor. | ||
| 245 |
_aWhat Kind of Interpersonal Need-Supportive or Need-Thwarting Teaching Style Is More Associated With Positive Consequences in PHysical Education? / _cFrancisco M. Leo, Behzad Behzadnia, Miguel A. López-Gajardo, Marco Bastista, Juan J. Pulido. |
||
| 260 |
_aChampaign, IL ; _bHuman Kinetics, Inc. , _cJuly 2023. |
||
| 300 |
_aVolume 42, pages 461-470 : _billustration ; _c29 cm. |
||
| 500 | _aJournal of Teaching in Physical Education, vol. 42 no. 3, pages 461-470, July 2023. | ||
| 700 | _eauthor. | ||
| 942 |
_2ddc _cPER |
||
| 999 |
_c24336 _d24336 |
||